Abrace al Dios misterioso
Uloženo v:
| Hlavní autor: | |
|---|---|
| Médium: | Kniha |
| Jazyk: | španělština |
| Vydáno: |
Miami.
Patmos.
c2004.
|
| Témata: | |
| Tagy: |
Přidat tag
Žádné tagy, Buďte první, kdo vytvoří štítek k tomuto záznamu!
|
MARC
| LEADER | 00000nam a22000005a 4500 | ||
|---|---|---|---|
| 001 | 19544 | ||
| 003 | CL-ChBUA | ||
| 005 | 20120815103726.0 | ||
| 008 | 070301s2004 xxu 000 0dspa | ||
| 040 | |a CL-ChBUA |c CL-ChBUA | ||
| 082 | 0 | 0 | |a 231 |
| 090 | |c 19544 |d 19544 | ||
| 100 | 1 | |a White, James Emery. | |
| 245 | 1 | 0 | |a Abrace al Dios misterioso |
| 260 | |b Patmos. |a Miami. |c c2004. | ||
| 300 | |a 167 p. |c 21 cm. | ||
| 504 | |a Bibl., índice. | ||
| 650 | 4 | |a DIOS - NATURALEZA. | |
| 650 | 4 | |a DIOS - MISTERIO. | |
| 942 | |c LIB | ||
| 952 | |0 0 |1 0 |4 0 |7 0 |9 26752 |a UNACH |b UNACH |c 200 |d 2007-03-05 |i 38.621. |l 1 |m 1 |o 231 / W 585. |p 27751 |r 2023-07-21 00:00:00 |s 2023-02-14 |u 26752 |w 2012-08-08 |y LIB |k 231 / W 585. | ||
| 999 | |c 19544 |d 19544 | ||